Indian industries, development and location; (Record no. 53069)

MARC details
000 -LEADER
fixed length control field 00663cam a22002291 4500
001 - CONTROL NUMBER
control field sa 62000852
003 - CONTROL NUMBER IDENTIFIER
control field DLC
005 - DATE AND TIME OF LATEST TRANSACTION
control field 20260227111916.0
008 - FIXED-LENGTH DATA ELEMENTS--GENERAL INFORMATION
fixed length control field 850708s1962 ii a b 000 0 eng
010 ## - LIBRARY OF CONGRESS CONTROL NUMBER
LC control number sa 62000852
025 ## - OVERSEAS ACQUISITION NUMBER
Overseas acquisition number PL480:I-E-217
035 ## - SYSTEM CONTROL NUMBER
System control number (OCoLC)12242912
040 ## - CATALOGING SOURCE
Original cataloging agency DLC
Transcribing agency CLU
Modifying agency DLC
042 ## - AUTHENTICATION CODE
Authentication code premarc
050 00 - LIBRARY OF CONGRESS CALL NUMBER
Classification number HD435
Item number .C52
100 1# - MAIN ENTRY--PERSONAL NAME
Personal name Chaudhuri, Manoranjan.
245 10 - TITLE STATEMENT
Title Indian industries, development and location;
Remainder of title an economic-geographic appraisal.
260 ## - PUBLICATION, DISTRIBUTION, ETC.
Place of publication, distribution, etc. Calcutta,
Name of publisher, distributor, etc. Oxford Book & Stationery Co.
Date of publication, distribution, etc. [1962]
300 ## - PHYSICAL DESCRIPTION
Extent 138 p.
Other physical details illus.
Dimensions 23 cm.
504 ## - BIBLIOGRAPHY, ETC. NOTE
Bibliography, etc. note Includes bibliography.
650 #0 - SUBJECT ADDED ENTRY--TOPICAL TERM
Topical term or geographic name entry element Industries
Geographic subdivision India.

No items available.

Powered by Koha